00465 a2200121 4500100003100000245008600031300004100117650001800158773005500176942000700231952008800238999001700326 aAGBENORSI, Justice 923461 aImpose taxes on alcohol, cigarettes to fund mental health -Prof. Ohene advocates  aSaturday, September 2, 2023 Pages 13 aHealth 921980 tDaily Graphicx0855-1529dAccra Daily Graphic 2023 cPR 001040718PRaPLbPLcTFWWd2023-09-12l0r2023-09-12 00:00:00t1w2023-09-12yPR c45843d45843